Klicke um die Flaggen zusammen zu setzen #1 - Statistiken

Allgemein
  • Dieses Quiz wurde 225 mal gespielt
  • Das Durchschnittsergebnis liegt bei 16 aus 25
Antwortstatistiken
Hint Extra Hint Explanation Antwort % Korrekt
Klicke auf den richtigen Flaggenhintergrund! Portugal
90%
Klicke auf den richtigen Flaggenhintergrund! Kanada
88%
Klicke auf den richtigen Flaggenhintergrund! Bhutan
80%
Klicke auf den richtigen Flaggenhintergrund! Libanon
75%
Klicke auf den richtigen Flaggenhintergrund! Argentinien
73%
Klicke auf den richtigen Flaggenhintergrund! Uganda
71%
Klicke auf den richtigen Flaggenhintergrund! Iran
71%
Klicke auf den richtigen Flaggenhintergrund! Ecuador
71%
Klicke auf den richtigen Flaggenhintergrund! Ägypten
69%
Klicke auf den richtigen Flaggenhintergrund! Malta
68%
Klicke auf den richtigen Flaggenhintergrund! Serbien
67%
Klicke auf den richtigen Flaggenhintergrund! Äthiopien
65%
Klicke auf den richtigen Flaggenhintergrund! Slowakei
63%
Klicke auf den richtigen Flaggenhintergrund! Mauretanien
63%
Klicke auf den richtigen Flaggenhintergrund! Mexiko
62%
Klicke auf den richtigen Flaggenhintergrund! Andorra
61%
Klicke auf den richtigen Flaggenhintergrund! Papua Neu Guinea
60%
Klicke auf den richtigen Flaggenhintergrund! Sankt Vincent und die Grenadinen
59%
Klicke auf den richtigen Flaggenhintergrund! San Marino
57%
Klicke auf den richtigen Flaggenhintergrund! Angola
56%
Klicke auf den richtigen Flaggenhintergrund! Montenegro
55%
Klicke auf den richtigen Flaggenhintergrund! Lesotho
54%
Klicke auf den richtigen Flaggenhintergrund! Algeriien
53%
Klicke auf den richtigen Flaggenhintergrund! Guatemala
50%
Klicke auf den richtigen Flaggenhintergrund! Eritrea
43%
Keine übereinstimmenden Quizze gefunden
Verteilung der Resultate
Anzahl Personen mit jedem Resultat
Perzentil nach korrekt beantworteten Fragen
Ihre Resultats-Entwicklung
Sie haben dieses Quiz noch nicht gespielt